Central Library OPAC University of Rajshahi

Cases in entrepreneurship : (Record no. 60383)

MARC details
000 -LEADER
fixed length control field 01025nam a2200289 a 4500
001 - CONTROL NUMBER
control field 60383
003 - CONTROL NUMBER IDENTIFIER
rucl marc code BD-RjUL
005 - DATE AND TIME OF LATEST TRANSACTION
control field 20211209080831.0
008 - FIXED-LENGTH DATA ELEMENTS--GENERAL INFORMATION
fixed length control field 161231s2006 caua b 000 0 eng d
020 ## - INTERNATIONAL STANDARD BOOK NUMBER
International Standard Book Number 1412909767 (pbk.)
035 ## - SYSTEM CONTROL NUMBER
System control number (BD-RjUL)60507
040 ## - CATALOGING SOURCE
Original cataloging agency DLC
Transcribing agency DLC
Modifying agency DLC
-- BD-RjUL
Language of cataloging eng
041 ## - LANGUAGE CODE
Language code of text/sound track or separate title eng
082 00 - DEWEY DECIMAL CLASSIFICATION NUMBER
Classification number 658.11
Edition number 23
Author mark and year CAS 2006
245 00 - TITLE STATEMENT
Title Cases in entrepreneurship :
Remainder of title the venture creation process /
Statement of responsibility, etc. Eric A. Morse, Ronald K. Mitchell.
260 ## - PUBLICATION, DISTRIBUTION, ETC. (IMPRINT)
Place of publication, distribution, etc. Thousand Oaks, Calif. :
Name of publisher, distributor, etc. SAGE Publications,
Date of publication, distribution, etc. c2006.
300 ## - PHYSICAL DESCRIPTION
Pagination xvi, 427 p. :
Illustrations ill. ;
Size 24 cm.
490 ## - SERIES STATEMENT
Series statement The Ivey casebook series
504 ## - BIBLIOGRAPHY, ETC. NOTE
Bibliography, etc Includes bibliographical references (p. 423-425) and index.
650 #0 - SUBJECT ADDED ENTRY--TOPICAL TERM
Topical term or geographic name as entry element New business enterprises
Form subdivision Case studies.
9 (RLIN) 179698
Topical term or geographic name as entry element Business incubators
Form subdivision Case studies.
9 (RLIN) 179699
Topical term or geographic name as entry element Venture capital
Form subdivision Case studies.
9 (RLIN) 179700
Topical term or geographic name as entry element Entrepreneurship
Form subdivision Case studies.
9 (RLIN) 179701
700 1# - ADDED ENTRY--PERSONAL NAME
Personal name Morse, Eric A.
Personal name Mitchell, Ronald K.
942 ## - ADDED ENTRY ELEMENTS (KOHA)
Source of classification or shelving scheme Dewey Decimal Classification
Koha item type Books
Holdings
Lost status Source of classification or shelving scheme Damaged status Not for loan Collection code Permanent Location Current Location Shelving location Date acquired Source of acquisition Cost, normal purchase price Total Checkouts Full call number Date last seen Copy number Koha item type
  Dewey Decimal Classification   Not For Loan Non-fiction Central Library, University of Rajshahi Central Library, University of Rajshahi Reading Room 05/02/2008 Paragon Enterprises Ltd., Dhaka 39.95   658.11 CAS 2006 31/12/2016 C-1 Books